000 00778nam a2200253Ia 4500
008 160319s9999 xx 000 0 und d
245 2 _aA Question of race /
245 _cDiscovery Channel School.
260 _aQuezon City :
260 _bDistributed by MagnaVision Inc.,
260 _c2005
300 _a1 VCD-video (approximately 52 min.) :
300 _bdigital, sound, color ;
300 _c4 3/4 in.
440 _aDiscovery Channel School. History.
500 _aOriginally produced by Discovery Channel, Year of production: 2001.
650 _aMulticulturalism.
650 _aRace discrimination.
650 _aRace relationis.
650 _aRace.
650 _aRacism.
700 _aDiscovery School (Firm)
700 _aMagnavision Home Video.
999 _c292405
_d292405